Score 0/20 Timer 06:00
8 Plays Today
% Correct
Peter Pan
98.9%
Cinderella
95.2%
Beauty and the Beast
91.8%
Harry Potter and the Chamber of Secrets
88.6%
Alice in Wonderland
86.3%
Titanic
85.8%
Back to the Future
85.4%
Groundhog Day
71.7%
The Great Gatsby
66%
Willy Wonka and the Chocolate Factory
63%
% Correct
The Nightmare Before Christmas
57.7%
Hugo
52.3%
Pinocchio
50%
The Untouchables
47.6%
Pulp Fiction
36.9%
V for Vendetta
24.5%
Shanghai Knights
22.7%
Glengarry Glen Ross
22.6%
For a Few Dollars More
12.9%
Safety Last!
5.8%
Remove Ads.
Support Sporcle.
Get the best of Sporcle when you Go Orange. This ad-free experience offers more features, more stats, and more fun while also helping to support Sporcle. Thank you for becoming a member.

You're not logged in!

Compare scores with friends on all Sporcle quizzes.
OR
Log In

Show Comments

Extras

Top Quizzes Today


Score Distribution

Your Account Isn't Verified!

In order to create a playlist on Sporcle, you need to verify the email address you used during registration. Go to your Sporcle Settings to finish the process.

Report this User

Report this user for behavior that violates our Community Guidelines.

Details: